000
00254 a2200121 4500
001
125726
020
_a
9780779100880
040
_c
Escola Canadense de Niteroi
100
_a
Scholastic
245
1
0
_a
Putting it in Motion
362
0
_a
2000
942
_c
BK
999
_c
125726
_d
125726